Design and implementation of large spatial databases : first symposium, SSD '89, Santa Barbara, California, July 17/18, 1989 : proceedings /

"The most recent developments in spatial data management are reported in these proceedings. SSD '89 brought together computer scientists and experts from application areas such as geography, computer vision, robotics, computer-aided manufacturing, and environmental information systems. Thi...

Full description

Bibliographic Details
Corporate Authors: SSD '89 Santa Barbara, Calif., SpringerLink (Online service)
Other Authors: Buchmann, A. (Alex), 1950-
Format: Conference Proceeding eBook
Language:English
Published: Berlin ; New York : Springer-Verlag, [1990]
Series:Lecture notes in computer science ; 409.
Subjects:
Online Access:Connect to the full text of this electronic book

MARC

Tag First Indicator Second Indicator Subfields
LEADER 00000cam a2200000 a 4500
001 in00000921113
005 20190325092344.0
006 m o d
007 cr nn|||||||||
008 900111s1990 gw a ob 100 0 eng
010 |a  90009431  
016 7 |a 900186909  |2 DE-101 
020 |a 0387522085 (U.S. : alk. paper) 
020 |a 9780387522081 (U.S. : alk. paper) 
020 |a 3540522085 
020 |a 9783540522089 
035 |a (OCoLC)ocm20995094 
035 |9 AEP2420AM 
035 |a (OCoLC)20995094 
040 |a DLC  |b eng  |c DLC  |d MUQ  |d NLGGC  |d BTCTA  |d YDXCP  |d C$Q  |d GBVCP  |d ZWZ  |d GW5XE  |d BDX  |d MUU  |d OCLCO  |d OCLCF  |d OCLCQ  |d OCLCO  |d UtOrBLW 
049 |a TXAM 
050 0 0 |a QA76.9.D26  |b S95 1989 
082 0 0 |a 005.74  |2 20 
084 |a 54.64  |2 bcl 
084 |a 28  |2 sdnb 
111 2 |a SSD '89  |d (1989 :  |c Santa Barbara, Calif.) 
245 1 0 |a Design and implementation of large spatial databases :  |b first symposium, SSD '89, Santa Barbara, California, July 17/18, 1989 : proceedings /  |c A. Buchmann [and others], eds. 
264 1 |a Berlin ;  |a New York :  |b Springer-Verlag,  |c [1990] 
264 4 |c ©1990 
300 |a 1 online resource (ix, 364 pages) :  |b illustrations  
336 |a text  |b txt  |2 rdacontent 
337 |a computer  |b c  |2 rdamedia 
338 |a online resource  |b cr  |2 rdacarrier 
490 1 |a Lecture notes in computer science ;  |v 409 
504 |a Includes bibliographical references. 
520 |a "The most recent developments in spatial data management are reported in these proceedings. SSD '89 brought together computer scientists and experts from application areas such as geography, computer vision, robotics, computer-aided manufacturing, and environmental information systems. This proceedings volume includes subjects such as extensible database systems, spatial data structures an index structures, spatial reasoning, geographic information systems, quadtrees, and thematic map modeling."--Publisher's website. 
500 |a Electronic resource. 
650 0 |a Database design  |v Congresses. 
650 4 |a base donnée image. 
650 4 |a modélisation. 
650 4 |a raisonnement spatial. 
650 4 |a quadtree. 
650 4 |a cartographie. 
650 4 |a géographie. 
650 4 |a structure donnée. 
650 4 |a donnée spatiale. 
650 6 |a Bases de données  |x Conception  |v Congrès. 
650 7 |a Database design.  |2 fast  |0 (OCoLC)fst00888032 
650 1 7 |a Ruimtelijke gegevens.  |2 gtt 
650 1 7 |a Databanken.  |2 gtt 
650 7 |a Bases de données  |x Congrès.  |2 ram 
655 7 |a Electronic books.  |2 local 
655 7 |a Conference proceedings.  |2 fast  |0 (OCoLC)fst01423772 
700 1 |a Buchmann, A.  |q (Alex),  |d 1950- 
710 2 |a SpringerLink (Online service) 
776 1 8 |i Online version:  |a SSD '89 (1989 : Santa Barbara, Calif.).  |t Design and implementation of large spatial databases.  |d Berlin ; New York : Springer-Verlag, ©1990  |w (OCoLC)609509694 
830 0 |a Lecture notes in computer science ;  |v 409. 
856 4 0 |u http://proxy.library.tamu.edu/login?url=http://link.springer.com/10.1007/3-540-52208-5  |z Connect to the full text of this electronic book  |t 0 
994 |a 92  |b TXA 
999 |a MARS 
999 f f |s 6cecb941-5b37-3baa-80a1-429aa2c63a1b  |i c5c2910e-4769-3951-a525-ef5a7715faa1  |t 0 
952 f f |p ric  |a Texas A&M University  |b Rellis Campus  |c Joint Library Facility  |d Remote Storage  |t 0  |e QA76.9.D26 S95 1989  |h Library of Congress classification  |i computer -- online resource  |m A14813152457 
998 f f |a QA76.9.D26 S95 1989  |t 0  |l Remote Storage